<?xml version="1.0" encoding="UTF-8"?>
<collection xmlns="http://www.loc.gov/MARC21/slim">
 <record>
  <leader>00527pamaa2200157   4500</leader>
  <controlfield tag="001">0000022473</controlfield>
  <controlfield tag="005">20061228090000.0</controlfield>
  <datafield tag="020" ind1="0" ind2="0">
   <subfield code="a">022404124X </subfield>
  </datafield>
  <datafield tag="090" ind1="0" ind2="0">
   <subfield code="a">PR6052.R58 </subfield>
   <subfield code="b">BRO 1995</subfield>
  </datafield>
  <datafield tag="100" ind1="1" ind2="0">
   <subfield code="a">BROOKNER </subfield>
  </datafield>
  <datafield tag="245" ind1="1" ind2="0">
   <subfield code="a">Incidents in the  Rue Laugier  </subfield>
   <subfield code="c">Anita Brookner.</subfield>
  </datafield>
  <datafield tag="260" ind1="0" ind2="0">
   <subfield code="a">London: </subfield>
   <subfield code="b">Jonathan Cape, </subfield>
   <subfield code="c">1995.</subfield>
  </datafield>
  <datafield tag="300" ind1=" " ind2=" ">
   <subfield code="a">219p.; </subfield>
   <subfield code="c">23cm.</subfield>
  </datafield>
  <datafield tag="650" ind1="0" ind2="0">
   <subfield code="a">Mothers and daughters -- </subfield>
   <subfield code="x">Fiction -- </subfield>
   <subfield code="z">England -- </subfield>
   <subfield code="z">London </subfield>
  </datafield>
  <datafield tag="650" ind1="0" ind2="0">
   <subfield code="a">Man-woman relationships -- </subfield>
   <subfield code="x">Fiction -- </subfield>
   <subfield code="z">France </subfield>
  </datafield>
  <datafield tag="650" ind1="0" ind2="0">
   <subfield code="a">Married women -- </subfield>
   <subfield code="x">Fiction -- </subfield>
   <subfield code="z">England -- </subfield>
   <subfield code="z">London </subfield>
  </datafield>
 </record>
</collection>
